| 000 | 00685nam a2200241Ia 4500 | ||
|---|---|---|---|
| 008 | 160319s9999 xx 000 0 und d | ||
| 020 | _a9789719344650 | ||
| 050 | _aFil 959.9 | ||
| 050 | _bM394p 2007 | ||
| 100 | _aMasangcay, Nik | ||
| 245 | _aPhilippines / | ||
| 245 | _cby Nik Masangkay ; text, Marlene Aguilar. | ||
| 260 | _aManila : | ||
| 260 | _bJamayco Publishing House | ||
| 260 | _c2007 | ||
| 300 | _a170 pages : | ||
| 300 | _billustrations (chiefly color) ; | ||
| 300 | _c29 cm. | ||
| 650 | _a Art, Modern -- 20th century -- Philippines. | ||
| 650 | _aArt, Modern -- | ||
| 650 | _xPictorial works. | ||
| 700 | _aAguilar, Marlene., added author. | ||
| 999 |
_c292355 _d292355 |
||